Вътрешни болести (Запис номер 17660)
[ съкратено ]
| 000 -Лидер | |
|---|---|
| Контролно поле с фиксирана дължина | 01980nam a2200385 c 4500 |
| 003 - Код на организацията, давaща контролен номер | |
| Контролно поле | BLK |
| 005 - Дата и час на последна редакция | |
| Контролно поле | 20191001143404.0 |
| 008 - Елементи от данни с фиксирана дължина | |
| fixed length control field | 180413b bul|||||r ||||||| ||bul|| |
| 010 ## - Наследен системен номер | |
| LC control number | KNG00019635000 |
| 020 ## - Международен стандартен номер на книга ISBN | |
| Международен стандартен номер на книга ISBN | 954-621-105-2 |
| -- | издат.: Знание - на том(т. 3) |
| 040 ## - Източник на каталожния запис | |
| Идентификатор на билиотеката - собственик на записа | BLK |
| 041 ## - Код за език | |
| Код за езика на текст/звукозапис или на отделно заглавие | Български |
| Код за езика КДБФ | Български |
| 080 ## - УДК | |
| Текстов определител УДК | Вътрешни болести |
| УДК код - определител по УДК | 616.1/.4 |
| УДК определител | (075.8) |
| УДК - код + определител | 616.1/.4(075.8) |
| 139 ## - Редно поле | |
| Редна дума | Вътрешни болести |
| Авторски знак | Въс - В 98 |
| 245 10 - Сведения за заглавието | |
| Заглавие | Вътрешни болести |
| Подзаглавни данни | Учебник за студенти по медицина : Т. 1 - |
| Редно поле (дума) | под ред. на Чудомир Кирилов Начев; авт. на том Тако К. Андреев; под ред. на на том Къньо Григоров Кънев. |
| Том | Т. 3 |
| Заглавие на том | Клиника на вътрешните болести |
| 250 ## - Област на изданието | |
| Сведения за изданието | 3. прераб. изд. |
| 257 ## - Страна на издаване | |
| Страна на създаване/издаване | България |
| 260 ## - Област на издателските данни | |
| -- | Ст. Загора |
| Година на издаване | 1997 - |
| 300 ## - Физическа характеристика | |
| Размери/Мащаб | 29 см |
| 380 ## - Жанр | |
| Жанр | Медицина |
| 500 ## - Общи забележки | |
| Забележка | Изд. на Бълг. нац. акад. по медицина. - 1. изд. 1993. - Офс. изд. |
| 650 #4 - Допълнително описание по предмет – тема | |
| Основно описание – тема или топоним | Вътрешни болести - учебници за ВУЗ |
| 9 (RLIN) | 244372 |
| 653 ## - Ключова дума – ненормативна | |
| Ключова дума | болести |
| 653 ## - Ключова дума – ненормативна | |
| Ключова дума | вътрешни болести |
| 653 ## - Ключова дума – ненормативна | |
| Ключова дума | учебници за ВУЗ |
| 700 1# - Други автори (авторска отговорност) | |
| Лично име | Начев, Чудомир Кирилов |
| Автороска отговорност (Описва отношението между автора и произведението) | под ред. на |
| 9 (RLIN) | 364236 |
| 700 1# - Други автори (авторска отговорност) | |
| Лично име | Андреев, Тако К. |
| Автороска отговорност (Описва отношението между автора и произведението) | авт. на том |
| 9 (RLIN) | 364229 |
| 700 1# - Други автори (авторска отговорност) | |
| Лично име | Кънев, Къньо Григоров |
| Автороска отговорност (Описва отношението между автора и произведението) | под ред. на на том |
| 9 (RLIN) | 363845 |
| 760 1# - Описание на основната серия | |
| -- | - на том(т. 3) |
| Издание | 3. прераб. изд. |
| Място на издаване, издател и година | Знание, 1997 |
| Страници - том | 376 с. : с ил. |
| Забележка - том | Други авт. : П. Арнаудова, Н. Беловеждов, Б. Божков и др., отбелязани на с. 6-8. |
| Заглавие | Т. 3 Клиника на вътрешните болести |
| 852 ## - Местоположение | |
| Форматна сигнатура | Цб ІІ 9114 |
| 856 4# - Електронен адрес и достъп | |
| Електронен формат | pdf - файл |
| Път до файла /url/ | |
| 856 4# - Електронен адрес и достъп | |
| Електронен формат | pdf - файл |
| Път до файла /url/ | |
| 942 ## - АРТИКУЛИ | |
| Вид на библиотечния материал | Книги |
| Скрит в OPAC | Не |
| Koha issues (borrowed), all copies | 1 |
| 944 ## - СЪЗДАВАНЕ И РЕДАКЦИЯ на ЗАПИСА | |
| Създаване/Редакция | Създаване |
| Дата на регистрацията/редакция | 15.01.2003 |
| Служител, извършил регистрацията/редакцията | Кети_Илиева |
| 944 ## - СЪЗДАВАНЕ И РЕДАКЦИЯ на ЗАПИСА | |
| Създаване/Редакция | Редакция |
| Дата на регистрацията/редакция | 25.01.2013 |
| Служител, извършил регистрацията/редакцията | |
| 999 ## - СИСТЕМНИ КОНТРОЛНИ НОМЕРА | |
| Koha biblionumber | 17660 |
| Koha biblioitemnumber | 17660 |
| Код за отписване | Код за изгубен артикул | Източник на класификационната схема | Код за повреда | Коз за рестрикции | Код за отдаване | Артикулен № | Име на библиотеката - собственик | Име на библиотеката, в която се намира в момента | Статус (Текущо местоположение) | Дата на вписване в системата | Местоположение - отдел | Цена в лева | Инвентарен номер | Систематично азбучна сигнатура | Баркод | Номер на екземпляра | Цена в евро | Служебна бележка | Служебен тип на артикула |
|---|---|---|---|---|---|---|---|---|---|---|---|---|---|---|---|---|---|---|---|
| Не е изгубен | Universal Decimal Classification | Не е повреден | без рестрикции | ползва се в читалня | 29766 | Регионална библиотека "Любен Каравелов" Русе | Регионална библиотека "Любен Каравелов" Русе | Читалня | 2001-01-01 | Читалня | 14.10 | 631304 | Ч 616.1/.4/В 98 | 120000631304 | 1 | 7.21 | Дост: Pk Вид: Ф N: стар фонд Дата: 01.01.1997 Дата инв: 20.03.2017 Бележки инв: Ч2017 | Книги | |
| Изтеглен | Не е изгубен | Universal Decimal Classification | Не е повреден | без рестрикции | заемане за дома | 29767 | Регионална библиотека "Любен Каравелов" Русе | Регионална библиотека "Любен Каравелов" Русе | Заемна - подръчен фонд | 2007-10-25 | Заемна - подръчен фонд | 34.30 | 120000718900 | П 616.1/.4/В 98 | 120000718900 | 2 | 17.54 | Дост: Pk Вид: Ф N: 9800 Дата: 24.10.2007 | Книги |